Pengurusan diri yang berjaya : Satu pendekatan psikologi yang baik terhadap keberkesanan diri

Bibliographic Details
Main Author: Timm, Paul R.
Format: Book
Published: Johor Bharu : Penerbitan Pelangi Sdn. Bhd. , 1994
Subjects:

MARC

LEADER 00000cam a2200000 7i4500
001 0000002814
005 20220330.0
020 |a 9835003939 
040 |a INS 
090 0 0 |a BF637.S8   |b .T584 1994 
100 1 |a Timm, Paul R. 
245 1 0 |a Pengurusan diri yang berjaya :   |b Satu pendekatan psikologi yang baik terhadap keberkesanan diri   |c Paul R. Timm 
260 |a Johor Bharu :   |b Penerbitan Pelangi Sdn. Bhd. ,   |c 1994 
300 |a 82p. ;   |c 26cm. 
650 0 0 |a Employees representative in management 
999 |a 0000005726   |b BOOK   |c Open Shelf   |e Default branch